| 000 | 00712nam a2200205 a 4500 | ||
|---|---|---|---|
| 001 | 000005414 | ||
| 005 | 20251202090015.0 | ||
| 008 | 090819s1992 es 001 spa d | ||
| 020 | _a8400072642 | ||
| 040 |
_aDO-SdBNP _bspa _cBNPHU |
||
| 082 |
_a016 _bR763b |
||
| 100 | 1 |
_aRomero, Elena _915365 |
|
| 245 | 1 | 0 |
_aBibliografía analítica de ediciones de coplas sefardíes / _cElena Romero, Iacob M. Hassan y Leonor Carracedo; colaboradores. |
| 260 |
_aMadrid, : _bConsejo Superior de Investigaciones Científicas, _c1992. |
||
| 300 | _a190 p. | ||
| 440 | 0 |
_aEstudios sefardíes _v5 _915366 |
|
| 500 | _aIncluye tabla de contenido | ||
| 500 | _aIncluye referencia bibliográficas | ||
| 650 | 0 |
_aBibliografía _97838 |
|
| 999 |
_c5214 _d5214 |
||